[Event "WCC Match 2006"]
[Site "Elista"]
[Date "2006.09.24"]
[Round "02"]
[White "Topalov Veselin"]
[Black "Kramnik Vladimir"]
[WhiteElo "2813"]
[WhiteCountry "BUL"]
[BlackElo "2743"]
[BlackCountry "RUS"]
[Result "0-1"]
[Remark "WCC Match 2006"]
[PresId "live"]

1. d4 d5 2. c4 c6 3. Nc3 Nf6 4. Nf3 dxc4 5. a4 Bf5 6. e3 e6 7. Bxc4
Bb4 8. O-O Nbd7 9. Qe2 Bg6 10. e4 O-O 11. Bd3 Bh5 12. e5 Nd5 13. Nxd5
cxd5 14. Qe3 Bg6 {It's a theory so far, this position was met before in a game
of World Champions Petrosian - Smyslov, Bar 1980, the fight continued with
15.Bg6 fg 16.Ng5 Re8 17.Qh3 Nf8 18.Qb3, and then finished with a draw} 15. Ng5
Re8 {According to common understanding black has a good game. White has more
space and can put pieces variously. Usually white tries to attack on a king side
by attacking h7 or f4-f5 or moving h pawn forward. Black tries to organize
counter play at queen c line and presses d4 pawn.} 16. f4 Bxd3 {In a game
Pelletier-Deviatkin, Moscow 2003 black ad chosen 16...Rc8 and after 17.g4 f6
18.Bg6 (stronger 18.f5! ef 19.gf Ne5 20.Bb5) 18...hg 19.Nf3 Qc7 20.Qd3 Nf8
21.f5 gf 22.gf ef 23.Ne5 ef 24.Qf5, got into trouble position and lost at last}
17. Qxd3 f5 {Typical move, black is trying to close king's side, and if white
takes 18.ef black 18...Nf6, pawns moved forward make squares (e4, b4) weak
leading to black better position} 18. Be3 Nf8 {Debut: we have mutual pawn chain,
in which black made necessary exchanges. For struggle complication white needs
to promote g4, black tries to counter play on "c" line. Black has order} 19.
Kh1 {White is preparing the opening of a king side with g4} Rc8 20. g4 {Veselin
is eager to fight. A good show for spectators} Qd7 {20...h6, but then 21.Ne6 Re6
22.gf Rec6 23.Rg1  and black has to worry, white has 2 pawns ready to move
forward to start attacking black king} 21. Rg1 {Veselin is eager to fight.
A good show for spectators} Be7 22. Nf3 Rc4 23. Rg2 fxg4 24. Rxg4 Rxa4
25. Rag1 g6 26. h4 Rb4 27. h5 Qb5 28. Qc2 Rxb2 29. hxg6 h5 30. g7 hxg4
31. gxf8Q+ Bxf8 32. Qg6+ {Yes. What a mistake! White misses 33.Rg4! Bg7 34.Qc7!,
cause on 34...Qf1 there is 35.Ng1.} Bg7 33. f5 {Topalov continues his attack.
33.Ng5 Re7 could lead to a draw and threat of Qe2 forces the repetition 34.Qh7
(34.f5? Qe2) 34...Kf8 35.Qg6.} Re7 34. f6 Qe2 35. Qxg4 {White attacks with all
the strength 35...Rf7 36.Qh5!} Rf7 {What should black do after 36.Qh5? Black has
problems with moves. If 36...Rb3, then 37.Rg7 Rg7 38.fg} 36.Rc1 {It's a pity
white has missed the second chance, now black has a hope} Rc2 {The only move}
37. Rxc2 Qd1+ 38. Kg2 Qxc2+ 39. Kg3 {What  black have to do? 39...Qe4? is not
good because of  40.Qe4! de 41.Ng5 Rd7, (or 41...Bh6 42.Nf7 Be3 43.Nd8!;
41...Bf8 42.Ne6! a5 43.Ng5 and white pawn are unstoppable) 42.Ne6! for example
42... Bf8 43.Nf8 Kf8 44.e6 and pawn are stopped} Qe4 {Very natural} 40. Bf4 Qf5
{Control is passed. There is time to have some rest and think over the situation.
White has missed a lot of chances. Now it needs accuracy. Endspiel after 41.Qf5 ef
is dangerous for white, example: 42.fg Rg7 43.Bg5 a5, or 42.Bg5 a5!. Interesting
is 41.Ng5, to be replied with 41...Rc7, and in case of 42.Ne6, answer is 2...Rc3
43.Kh4 Qh7 44.Kg5.  Amazing, black does not have draw any more} 41. Qxf5
exf5 {White needs to brake trough. Otherwise black promoting pawns will come
into play. Variant 42.Ng5 Rc7 43.Ne6 Rc3 44.Kh4 Bf6 45.ef Kf7 46.Nc7! Rc6! (worse
46...a5? 47.Kg5 a4 48.Nb5) 47.Be5 a5 48.Kg5 a4 49.Nb5 and now 49...f4! 50.Kf4 Ra6
and black gain some advantage} 42. Bg5 {What white has to do after 42.a5? It seems
white has not succeeded in straight attack 3.Kf4 a4 44.Kf5 a3 45.Nd2 Rc7 and
46.e6 Bf6! 47.Bf6 Rc3!?.} a5 43. Kf4 a4 44. Kxf5 a3 45. Bc1 Bf8 46. e6 Rc7
47. Bxa3 Bxa3 48. Ke5 Rc1 49. Ng5 Rf1 50. e7 Re1+ 51. Kxd5 Bxe7 52. fxe7 Rxe7
53. Kd6 Re1 54. d5 Kf8 55. Ne6+ Ke8 56. Nc7+ Kd8 57. Ne6+ Kc8 58. Ke7
Rh1 59. Ng5 b5 60. d6 Rd1 61. Ne6 b4 62. Nc5 Re1+ 63. Kf6 Re3 0-1